ბათუმის შოთა რუსთაველის სახელმწიფო უნივერსიტეტის ბიბლიოთეკა

Geschichte der deutschen Literatur 1870-1900: (ბიბ.ჩანაწერი № 62153)

000 -LEADER
fixed length control field 00652nam a22001817a 4500
005 - DATE AND TIME OF LATEST TRANSACTION
control field 20240724114938.0
008 - FIXED-LENGTH DATA ELEMENTS--GENERAL INFORMATION
fixed length control field 240724s1998 ge ||||| |||| 00| 0 ger d
020 ## - INTERNATIONAL STANDARD BOOK NUMBER
International Standard Book Number 3406441041 X
041 ## - LANGUAGE CODE
Language code of text/sound track or separate title ger
080 ## - UNIVERSAL DECIMAL CLASSIFICATION NUMBER
Universal Decimal Classification number 821.112.2 S-79
100 ## - MAIN ENTRY--PERSONAL NAME
Personal name Sprengel, Peter
Dates associated with a name Author
9 (RLIN) 22927
245 ## - TITLE STATEMENT
Title Geschichte der deutschen Literatur 1870-1900:
Remainder of title Reichsgründung bis zur Jahrhundertwende /
Statement of responsibility, etc. Peter Sprengel
264 ## - PRODUCTION, PUBLICATION, DISTRIBUTION, MANUFACTURE, AND COPYRIGHT NOTICE
Place of production, publication, distribution, manufacture München:
Name of producer, publisher, distributor, manufacturer Verlag, C.H. Beck
Date of production, publication, distribution, manufacture, or copyright notice 1998.
300 ## - PHYSICAL DESCRIPTION
Extent 825 pages;.
Other physical details 23 cm.
653 ## - INDEX TERM--UNCONTROLLED
keyword Geschichte der deutschen Literatur
653 ## - INDEX TERM--UNCONTROLLED
keyword გერმანული ლიტერატურის ისტორია
942 ## - ADDED ENTRY ELEMENTS (KOHA)
Source of classification or shelving scheme
Koha item type წიგნი
ეგზემპლარები
Withdrawn status Lost status Source of classification or shelving scheme Damaged status Not for loan Permanent Location Current Location Shelving location Date acquired Cost, normal purchase price Full call number Barcode Date last seen Copy number Price effective from Koha item type Public note
          ბათუმის შოთა რუსთაველის სახელმწიფო უნივერსიტეტის მთავარი ბიბლიოთეკა ბათუმის შოთა რუსთაველის სახელმწიფო უნივერსიტეტის მთავარი ბიბლიოთეკა წიგნსაცავი 2024-07-24 195.00 821.112.2 S-79 68833 2024-07-24 68833 2024-07-24 წიგნი 195.00